| 000 | 00741nam a22002175i 4500 | ||
|---|---|---|---|
| 001 | 175123 | ||
| 003 | ES-MaACL | ||
| 005 | 20250815103929.0 | ||
| 008 | 101006s1955 sp f |||| | spa d | ||
| 080 | _a523.9 | ||
| 100 | 0 |
_aJiménez-Landi Martínez, Pedro. _9143419 |
|
| 245 | 1 | 0 |
_aCromosfera y corona / _cpor Pedro Jiménez Landi. |
| 260 |
_a[Madrid] : _bInstituto "Daza de Valdés" de Óptica, _c1955. |
||
| 300 |
_a97 p., [16] h. de lám. ; _c25 cm. |
||
| 490 | 1 |
_aMonografías de ciencia moderna ; _v47 |
|
| 650 | 4 |
_aSol. _9188781 |
|
| 710 | 2 |
_aInstituto de Óptica "Daza de Valdés" _9143420 |
|
| 830 | 0 |
_aMonografías de ciencia moderna _v47 _9189470 |
|
| 852 |
_aES-MaACL _jE-13312 _xOlim P-555 bis |
||
| 999 |
_c175123 _d175123 |
||